000 00830cam a2200229 4500
001 ABS61313
008 000000n1999 000 0 eng u
035 _a(Sirsi) u101087
100 _aMarsh, C.
245 _aBest practice: briefing the team
260 _c1999
490 _aBuilding Services Journal
_v October 1999, 38-39(2)
520 _aStarts a new series: Construction Best Practice, a bi-monthly series of articles and case studies covering improving service to clients, raising quality of buildings and reducing costs. This first article gives advice on how to run a better briefing process.
590 _aABS
650 _aCONSTRUCTION INDUSTRY
650 _aBEST PRACTICE
650 _aBRIEFING PROCESS
650 _aTEAM BRIEFING
650 _aPERFORMANCE
690 _aBUILT ENVIRONMENT
942 _n0
999 _c60308
_d60308